Knihy
Uloženo v:
LEADER 01732nam a2200505 a 4500
001 000028219
003 CZ BrMZK
005 20250319085901.0
008 950707s1992 xr e p 0 cze d
015 |a cnb001163284 
020 |a 80-04-26123-X 
040 |a BOA001  |b cze 
072 7 |a 2  |x Náboženství  |2 Konspekt  |9 5 
072 7 |a 37.016  |x Učební osnovy. Vyučovací předměty. Učebnice  |2 Konspekt  |9 22 
080 |a 21/29-1/-9  |2 MRF 
080 |a 21/29-027.543  |2 MRF 
080 |a 2-1-8-028.82  |2 MRF 
080 |a 27  |2 MRF 
080 |a 271/279  |2 MRF 
080 |a 2-78  |2 MRF 
080 |a (07)  |2 MRF 
100 1 |a Štampach, Ivan O.,  |d 1946-2026  |7 jn19990218116 
245 1 0 |a Malý přehled náboženství 
250 |a 1.vyd. 
260 |a Praha :  |b SPN,  |c 1992 
300 |a 81 s. 
490 1 |a Pomocné knihy pro žáky 
650 0 7 |a náboženství  |7 ph115485  |2 czenas 
650 0 7 |a světová náboženství  |7 ph116361  |2 czenas 
650 0 7 |a alternativní religiozita  |7 ph118365  |2 czenas 
650 0 7 |a křesťanství  |7 ph115073  |2 czenas 
650 0 7 |a křesťanské církve  |7 ph122117  |2 czenas 
650 0 7 |a náboženské společnosti  |7 ph123381  |2 czenas 
650 0 9 |a religion  |2 eczenas 
650 0 9 |a religions  |2 eczenas 
650 0 9 |a alternative religiosity  |2 eczenas 
650 0 9 |a Christianity  |2 eczenas 
650 0 9 |a Christian churches  |2 eczenas 
650 0 9 |a religious societies  |2 eczenas 
655 7 |a učební texty  |7 fd133599  |2 czenas 
655 9 |a educational texts  |2 eczenas 
830 0 |a Pomocné knihy pro žáky (Státní pedagogické nakladatelství)  |0 s 
910 |a BOA001  |b PK-0117.564 
990 |a BK 
996 7 |b 3119991354  |c PK-0117.564  |l MZK  |r Sklad / do 1 hodiny  |n 50  |w 000028219  |u 000010  |a 1  |e BOA001  |j MZK50  |s A